Statystyki dla Shorty Geomexa-Quiz

Kliknij tutaj aby rozwiązać quiz!

Ogólne statystyki

  • Ten quiz został rozwiązany 14 razy
    (5 od ostatniego zresetowania)
  • Średni wynik to 4 z 10

Statystyki odpowiedzi

Pytanie z ShortaReakcja/zapowiedź MexaOdpowiedź% Poprawnych
Jakie państwo jest tym jedynym, w którym obywatele zjedli swojego premiera...Nie przesłyszeliście sięHolandia
80%
Jakie dwa państwa nie posiadają dostępu do morza, oraz ich sąsiedzi także?Pierwszym z tych państw jest..../Jeżeli wiedziałeś to wielkie brawa bo tym państwem jest......Liechtenstein/Uzbekistan
80%
Sztuczna inteligencja uznała że pewien kraj słynie z ośrodków narciarskich jaki to kraj?---------------Andora
40%
Na fladze jakiego kraju jest największy procent koloru pomarańczowegoNo i teraz.... będzie na 1 miejscuBhutan
40%
Jakie kraje dzielą najkrótszą granicę?Mierzy zaledwie 85 metrów!Maroko/Hiszpania
40%
Jaki kraj zmienił swoją stolicę w 2018 roku? (NIE KAZACHSTAN)Jeśli ktoś z Was wie to ogromne chapeau bas (szapoba)Burundi
20%
Z jakim krajem według sztucznej inteligencji w 2100 roku w unii będzie JugosławiaCo????Dania
20%
Jaki kraj teoretycznie nie ma swojej stolicy?Większość z Was pomyśli pewnie o --------- ''Bardzo łatwe pytanie''Nauru
20%
W jakim państwie jest największa kara za zniszczenie flagi państwowej (do 18 lat więzienia)?Co jest całkiem nieźle bo nie ma żadnej kary finansowejTurcja
20%
W jakim kraju jest najwięcej oszustów podatkowych?---------------Włochy
20%

Rozkład punktacji

Percentyl według liczby udzielonych odpowiedzi

Procent ludzi z każdym wynikiem

Twoja historia wyników

Nie rozwiązałeś tego quizu od ostatniego zresetowania